| 000 | 00465nam a2200181Ia 4500 | ||
|---|---|---|---|
| 001 | 23510 | ||
| 005 | 20260414150942.0 | ||
| 008 | 260414t9999||||xx |||||||||||||| ||spa|| | ||
| 041 | _aESP | ||
| 082 |
_a660 _bF76A-2 |
||
| 100 |
_aFormoso Permuy, Antonio _eAUT |
||
| 245 | 0 |
_a2000 Procedimientos industriales al alcance de todos : _b2a. parte |
|
| 260 | _c0 | ||
| 300 |
_a1240 páginas : _c22 cm. |
||
| 650 | _aTCA | ||
| 654 | _aCII | ||
| 942 |
_cLIB _dJUS _fJUS _2ddc _n |
||
| 999 |
_c23510 _d23510 |
||